|
|
|
|
| LEADER |
00000cam a2200000 7i4500 |
| 001 |
0000003720 |
| 005 |
20110420.0 |
| 020 |
0 |
0 |
|a 9839269529
|
| 090 |
0 |
0 |
|a JPSM 634.909595
|b EXP 2007
|
| 245 |
0 |
0 |
|a Exploring forest biodiversity :
|b Unravelling nature's treasures
|
| 260 |
0 |
0 |
|a Kuala Lumpur :
|b Forestry Department Peninsular Malaysia ,
|c 2007
|
| 300 |
|
|
|a 115p. :
|b col. ill. ;
|c 30 cm.
|
| 650 |
0 |
0 |
|a Forest park
|z Malaysia
|
| 650 |
0 |
0 |
|a Forest reserve
|z Malaysia
|
| 710 |
1 |
1 |
|a MALAYSIA ,
|c Jabatan Perhutanan Semenanjung Malaysia
|
| 998 |
|
|
|a JPSM
|
| 999 |
|
|
|a 007590
|b Monograph
|c Open Shelf
|e Default branch
|